[Event "I Open FIDE"]
[Site "Forli' ITA"]
[Date "1988.06.20"]
[Round "3"]
[White "Sapi, Laszlo"]
[Black "Laco, Giuseppe"]
[WhiteElo "2370"]
[BlackElo "2235"]
[Result "0-1"]
[PlyCount "78"]
[EventDate "1988.06.18"]

1. d4 g6 2. e4 Bg7 3. Nf3 d6 4. Nc3 Nd7 5. Bc4 Nb6 6. Bb3 a5 7. a4 c6 8. Bg5 h6
9. Be3 Bg4 10. h3 Bxf3 11. Qxf3 e6 12. Rd1 Ne7 13. h4 d5 14. Bf4 Nd7 15. Bd6
O-O 16. h5 g5 17. exd5 exd5 18. O-O Re8 19. Rfe1 Nc8 20. Rxe8+ Qxe8 21. Bh2
Bxd4 22. Nxd5 cxd5 23. Qxd5 Bxb2 24. Qxd7 Ne7 25. Qxb7 Rd8 26. Rxd8 Qxd8 27.
Qf3 Bf6 28. Bc7 Qd4 29. g3 g4 30. Qa8+ Kg7 31. Bxa5 Qa1+ 32. Kg2 Qe5 33. Bb4
Qxh5 34. Qe4 Ng6 35. Bd6 Be5 36. Qd5 Qf5 37. Bc5 h5 38. a5 h4 39. gxh4 Nf4+ 0-1

[Event "I Open FIDE"]
[Site "Forli' ITA"]
[Date "1988.06.20"]
[Round "3"]
[White "Semkov, Semko"]
[Black "Rossi, Carlo"]
[WhiteElo "2470"]
[BlackElo "2285"]
[Result "1/2-1/2"]
[PlyCount "113"]
[EventDate "1988.06.18"]

1. d4 Nc6 2. c4 e5 3. d5 Bb4+ 4. Nd2 Nce7 5. a3 Bxd2+ 6. Bxd2 d6 7. e4 Ng6 8.
Qc2 f5 9. exf5 Nh4 10. g3 Nxf5 11. Ne2 Nf6 12. Bg2 O-O 13. O-O Qe8 14. Rae1 Qh5
15. Qc3 Nh6 16. f3 Nf7 17. Qe3 Bd7 18. g4 Qg6 19. h4 h6 20. Ng3 b6 21. Rf2 Rae8
22. Ne4 Nxe4 23. Qxe4 Qxe4 24. Rxe4 Nh8 25. Kh2 Ng6 26. Kg3 h5 27. Bg5 hxg4 28.
fxg4 Rxf2 29. Kxf2 c6 30. h5 Ne7 31. dxc6 Bxc6 32. Re1 Bxg2 33. Kxg2 Kf7 34.
Kg3 Rc8 35. b3 Nc6 36. Be3 Na5 37. Rb1 Ke6 38. Bd2 Nc6 39. Bc3 d5 40. cxd5+
Kxd5 41. Rf1 Rc7 42. g5 Nd4 43. Bb4 a5 44. Bf8 Ne6 45. Rd1+ Ke4 46. Bd6 Rf7 47.
Re1+ Kd5 48. Bxe5 Nxg5 49. Ba1 Ne4+ 50. Kg4 b5 51. Rd1+ Ke6 52. Rc1 Kd5 53. Rc8
Rf1 54. Rd8+ Ke6 55. Re8+ Kd5 56. Re5+ Kd6 57. Bd4 1/2-1/2

[Event "I Open FIDE"]
[Site "Forli' ITA"]
[Date "1988.06.20"]
[Round "3"]
[White "Tatai, Stefano"]
[Black "Vezzosi, Paolo"]
[WhiteElo "2380"]
[BlackElo "2270"]
[Result "1/2-1/2"]
[PlyCount "43"]
[EventDate "1988.06.18"]

1. e4 e6 2. d4 d5 3. Nc3 Bb4 4. e5 b6 5. Qg4 Bf8 6. Nf3 Qd7 7. a4 Ne7 8. h4 Ba6
9. h5 Bxf1 10. Kxf1 Nf5 11. Nh4 Nxh4 12. Rxh4 Nc6 13. Bg5 Be7 14. h6 gxh6 15.
Bxe7 Nxe7 16. Rxh6 O-O-O 17. Qd1 Nf5 18. Rh5 c6 19. g4 Ne7 20. Qd3 Rdg8 21. f3
Ng6 22. Ne2 1/2-1/2

[Event "I Open FIDE"]
[Site "Forli' ITA"]
[Date "1988.06.20"]
[Round "3"]
[White "Topalov, Veselin"]
[Black "Mantovani, Renzo"]
[WhiteElo "2300"]
[BlackElo "2410"]
[Result "1-0"]
[PlyCount "117"]
[EventDate "1988.06.18"]

1. d4 Nf6 2. Nf3 b6 3. c4 e6 4. a3 Bb7 5. Nc3 d5 6. cxd5 Nxd5 7. Qc2 Nxc3 8.
bxc3 Be7 9. e3 O-O 10. Bd3 h6 11. O-O c5 12. Qe2 Qc8 13. Bb2 Nc6 14. Rad1 Re8
15. c4 cxd4 16. exd4 Bf6 17. Qe4 g6 18. Qe3 Bg7 19. h4 Ne7 20. h5 Nf5 21. Qe2
g5 22. Ne5 Qc7 23. Qg4 Nh4 24. f4 f5 25. Qg3 Bxe5 26. dxe5 Qe7 27. Rf2 Rad8 28.
Bc3 Rd7 29. Bb4 Qd8 30. Bd6 Rg7 31. Bf1 gxf4 32. Qxf4 Qg5 33. Rd4 Be4 34. Rxe4
fxe4 35. Qxe4 Kh8 36. Qc6 Reg8 37. Bf8 Rh7 38. Qxe6 Rc7 39. Bxh6 Qxh5 40. Qf6+
Kh7 41. Bd2 Rd7 42. e6 Nxg2 43. Bxg2 Rdg7 44. Qf4 Qd1+ 45. Kh2 Rxg2+ 46. Rxg2
Qh5+ 47. Kg1 Qd1+ 48. Kf2 Rxg2+ 49. Kxg2 Qe2+ 50. Kg3 Qxe6 51. Qh4+ Kg6 52.
Qg4+ Kf7 53. Qxe6+ Kxe6 54. Kf4 Kd6 55. Be3 Kc6 56. Ke5 b5 57. c5 a6 58. Kd4 a5
59. Bd2 1-0

[Event "I Open FIDE"]
[Site "Forli' ITA"]
[Date "1988.06.20"]
[Round "3"]
[White "Votruba, Pavel"]
[Black "Wagman, Stuart"]
[WhiteElo "2345"]
[BlackElo "2230"]
[Result "1-0"]
[PlyCount "37"]
[EventDate "1988.06.18"]

1. Nf3 Nf6 2. c4 e6 3. d4 d5 4. Nc3 Be7 5. e3 O-O 6. b3 c5 7. cxd5 exd5 8. Bb2
Nc6 9. Be2 Be6 10. O-O Rc8 11. Rc1 b6 12. Na4 Ne4 13. dxc5 bxc5 14. Nd2 Nxd2
15. Qxd2 Nb8 16. Rfd1 Qc7 17. Nxc5 Bxc5 18. b4 Bxb4 19. Qd4 1-0

[Event "I Open FIDE"]
[Site "Forli' ITA"]
[Date "1988.06.21"]
[Round "4"]
[White "Belotti, Bruno"]
[Black "Kagan, Naum"]
[WhiteElo "2340"]
[BlackElo "2300"]
[Result "1/2-1/2"]
[PlyCount "84"]
[EventDate "1988.06.18"]

1. e4 e6 2. d4 d5 3. e5 c5 4. c3 Nc6 5. Nf3 Bd7 6. a3 c4 7. g3 Na5 8. Nbd2 Ne7
9. h4 h6 10. h5 Nc8 11. Nh4 Be7 12. Qg4 Rg8 13. Ng2 Nb6 14. f4 Qc7 15. Ne3
O-O-O 16. Bh3 Kb8 17. Qf3 Rdf8 18. O-O a6 19. Kh2 f6 20. exf6 Bxf6 21. Ng4 Nc6
22. Qe2 Qc8 23. Nf3 Qe8 24. Nge5 Qxh5 25. Nxd7+ Nxd7 26. Qxe6 Nb6 27. g4 Qe8
28. Qxe8+ Rxe8 29. Rf2 Rgf8 30. Kg3 Bd8 31. Bd2 Bc7 32. Re1 Rxe1 33. Nxe1 g5
34. Ng2 Nc8 35. Kf3 Nd6 36. f5 Ne4 37. Re2 Re8 38. Be1 Nf6 39. Rxe8+ Nxe8 40.
Ne3 Nf6 41. Bg3 Bxg3 42. Kxg3 Kc7 1/2-1/2

[Event "I Open FIDE"]
[Site "Forli' ITA"]
[Date "1988.06.21"]
[Round "4"]
[White "Forintos, Gyozo Victor"]
[Black "Tatai, Stefano"]
[WhiteElo "2345"]
[BlackElo "2380"]
[Result "1/2-1/2"]
[PlyCount "20"]
[EventDate "1988.06.18"]

1. Nf3 Nf6 2. g3 b6 3. Bg2 Bb7 4. O-O c5 5. a3 g6 6. b4 Na6 7. bxc5 Nxc5 8. c4
Bg7 9. Bb2 O-O 10. d3 d5 1/2-1/2

[Event "I Open FIDE"]
[Site "Forli' ITA"]
[Date "1988.06.21"]
[Round "4"]
[White "Gonsior, Evzen"]
[Black "Passerotti, Pierluigi"]
[WhiteElo "2305"]
[BlackElo "2350"]
[Result "1-0"]
[PlyCount "82"]
[EventDate "1988.06.18"]

1. e4 c5 2. c3 Nf6 3. e5 Nd5 4. d4 cxd4 5. Nf3 e6 6. cxd4 b6 7. Nc3 Nxc3 8.
bxc3 Qc7 9. Bd2 Bb7 10. Bd3 d6 11. O-O Nd7 12. Re1 dxe5 13. dxe5 Bc5 14. Ng5
O-O-O 15. Bf4 Nf6 16. Qc2 Qc6 17. Bf1 Ng4 18. Bg3 Nh6 19. a4 Nf5 20. Nxf7 Rdf8
21. Nd6+ Nxd6 22. exd6 h5 23. h4 g5 24. Rad1 gxh4 25. Bxh4 Bxd6 26. Qe2 Rhg8
27. Qxe6+ Kc7 28. Qxd6+ Qxd6 29. Rxd6 Kxd6 30. Be7+ Kd7 31. Bb5+ Bc6 32. Bxf8
Rxf8 33. Re5 Bxb5 34. axb5 Rh8 35. Kh2 Kd6 36. f4 Rf8 37. Kg3 h4+ 38. Kg4 Rg8+
39. Rg5 Rc8 40. Kxh4 Rxc3 41. g4 a5 1-0

[Event "I Open FIDE"]
[Site "Forli' ITA"]
[Date "1988.06.21"]
[Round "4"]
[White "Laco, Giuseppe"]
[Black "Ljubisavljevic, Zivojin Z."]
[WhiteElo "2235"]
[BlackElo "2365"]
[Result "1-0"]
[PlyCount "101"]
[EventDate "1988.06.18"]

1. c4 c5 2. Nc3 Nc6 3. f4 e5 4. d3 Nge7 5. fxe5 Nxe5 6. g3 h5 7. Bg2 h4 8. Qa4
Nf5 9. Nd5 Bd6 10. Bf4 g5 11. Bd2 Nc6 12. g4 Nfd4 13. Nh3 f6 14. e3 Ne6 15. O-O
O-O 16. Bc3 Be5 17. Nf2 Bxc3 18. bxc3 Nc7 19. d4 cxd4 20. cxd4 Ne7 21. Nxc7
Qxc7 22. Ne4 Kg7 23. c5 Qc6 24. Qa3 Qe6 25. h3 d5 26. cxd6 Nd5 27. Rae1 Bd7 28.
Qb3 Bc6 29. Nc3 Qxd6 30. Nxd5 Rad8 31. e4 Rde8 32. Qb4 Qb8 33. Ne7 Bd7 34. Nf5+
Bxf5 35. Rxf5 b6 36. Ref1 a5 37. Qc3 Qd8 38. d5 Kg6 39. Qd3 Kg7 40. d6 Re6 41.
d7 Rf7 42. Rd1 Rfe7 43. Qd4 Kg6 44. Rd5 Rc6 45. e5 Kh6 46. exf6 Re2 47. Rd6
Rxg2+ 48. Kxg2 Rc2+ 49. Kg1 Qa8 50. f7+ Kh7 51. Qd3+ 1-0

[Event "I Open FIDE"]
[Site "Forli' ITA"]
[Date "1988.06.21"]
[Round "4"]
[White "Lanzani, Mario"]
[Black "Drei, Andrea"]
[WhiteElo "2375"]
[BlackElo "2235"]
[Result "1-0"]
[PlyCount "51"]
[EventDate "1988.06.18"]

1. d4 Nf6 2. c4 e6 3. g3 d5 4. Bg2 c6 5. Nf3 Bd6 6. Nbd2 O-O 7. Qc2 Nbd7 8. O-O
b6 9. e4 Be7 10. b3 Bb7 11. Bb2 Rc8 12. Rad1 Qc7 13. Rfe1 dxe4 14. Ne5 Rfd8 15.
Nxe4 Nxe5 16. dxe5 Nxe4 17. Bxe4 g6 18. Qc3 Bf8 19. Rd6 f5 20. Bf3 Kf7 21. Red1
Be7 22. c5 bxc5 23. Be2 Rxd6 24. exd6 Bxd6 25. Qf6+ Ke8 26. Qxe6+ 1-0

[Event "I Open FIDE"]
[Site "Forli' ITA"]
[Date "1988.06.21"]
[Round "4"]
[White "Mantovani, Renzo"]
[Black "Wagman, Stuart"]
[WhiteElo "2410"]
[BlackElo "2230"]
[Result "1/2-1/2"]
[PlyCount "83"]
[EventDate "1988.06.18"]

1. d4 d5 2. c4 e6 3. Nc3 Be7 4. Nf3 Nf6 5. Bg5 h6 6. Bh4 O-O 7. e3 b6 8. Rc1
Bb7 9. cxd5 Nxd5 10. Bxe7 Qxe7 11. Nxd5 Bxd5 12. Bc4 Bb7 13. O-O Rc8 14. Qe2 c5
15. Rfd1 cxd4 16. Nxd4 Nc6 17. Nb5 Rd8 18. f4 Rxd1+ 19. Rxd1 Rd8 20. Rxd8+ Qxd8
21. Qd3 Qxd3 22. Bxd3 Nb4 23. Bb1 a6 24. Nd6 Bd5 25. a3 Nc6 26. Kf2 g5 27. g3
f6 28. Bd3 Nb8 29. Ke1 Kf8 30. Kd2 b5 31. Kc3 Ke7 32. Ne4 Bxe4 33. Bxe4 Kd6 34.
b4 Nc6 35. Bxc6 Kxc6 36. Kd4 Kd6 37. fxg5 hxg5 38. h3 f5 39. h4 gxh4 40. gxh4
e5+ 41. Kd3 Ke6 42. Ke2 1/2-1/2

[Event "I Open FIDE"]
[Site "Forli' ITA"]
[Date "1988.06.21"]
[Round "4"]
[White "Pantaleoni, Claudio"]
[Black "Semkov, Semko"]
[WhiteElo "2235"]
[BlackElo "2470"]
[Result "0-1"]
[PlyCount "58"]
[EventDate "1988.06.18"]

1. d4 d5 2. c4 e6 3. Nc3 c6 4. e4 dxe4 5. Nxe4 Bb4+ 6. Bd2 Qxd4 7. Bxb4 Qxe4+
8. Be2 c5 9. Bxc5 Qxg2 10. Qd4 Nd7 11. Bf3 Qg5 12. Ba3 Qe5+ 13. Ne2 Qxd4 14.
Nxd4 Ne5 15. Be2 Bd7 16. Rg1 Ng6 17. Bf3 O-O-O 18. Rg5 e5 19. Nb5 Bxb5 20. cxb5
Nf6 21. Rc1+ Kb8 22. Be2 Ne4 23. Rf5 f6 24. Rf3 Nf4 25. Bf1 Rd4 26. Rb3 Rhd8
27. Rb4 Nd2 28. Rxd4 Nf3+ 29. Kd1 Nxd4 0-1

[Event "I Open FIDE"]
[Site "Forli' ITA"]
[Date "1988.06.21"]
[Round "4"]
[White "Rossi, Carlo"]
[Black "Meduna, Eduard"]
[WhiteElo "2285"]
[BlackElo "2505"]
[Result "0-1"]
[PlyCount "81"]
[EventDate "1988.06.18"]

1. e4 c6 2. d3 d5 3. Nd2 Qc7 4. g3 Nf6 5. Bg2 Bg4 6. Ngf3 e6 7. Qe2 Be7 8. h3
Bh5 9. g4 Bg6 10. e5 Nfd7 11. h4 h5 12. g5 c5 13. Nf1 Nc6 14. Bf4 Qb6 15. c3
Qa6 16. Rd1 Qxa2 17. Ng3 Qa4 18. d4 cxd4 19. Nxd4 Bc5 20. Be3 Bxd4 21. Bxd4 Bc2
22. Rc1 Bb3 23. Qe3 Qa6 24. Bf1 Bc4 25. Be2 Bxe2 26. Nxe2 Ne7 27. Ng3 b6 28.
Kd2 Qb5 29. b4 a5 30. Ra1 O-O 31. Rhb1 axb4 32. Rxb4 Qc6 33. Rab1 Ra2+ 34. R4b2
Rfa8 35. Qd3 g6 36. Ke3 Rxb2 37. Rxb2 Ra3 38. f4 Nc5 39. Qb5 Na4 40. Qxc6 Nxc6
41. Rc2 0-1

[Event "I Open FIDE"]
[Site "Forli' ITA"]
[Date "1988.06.21"]
[Round "4"]
[White "Strikovic, Aleksa"]
[Black "Votruba, Pavel"]
[WhiteElo "2450"]
[BlackElo "2345"]
[Result "1-0"]
[PlyCount "83"]
[EventDate "1988.06.18"]

1. e4 e6 2. d4 d5 3. Nc3 Nf6 4. Bg5 Be7 5. e5 Ng8 6. Bxe7 Qxe7 7. Qd2 b6 8. f4
Ba6 9. Bxa6 Nxa6 10. Nf3 Nh6 11. O-O c6 12. h3 Nf5 13. g4 Nh4 14. f5 Nc7 15. f6
Nxf3+ 16. Rxf3 gxf6 17. Rxf6 O-O-O 18. Raf1 h5 19. g5 Rd7 20. h4 Ne8 21. R6f4
Ng7 22. Ne2 Nf5 23. Kh2 c5 24. c3 Kb8 25. Ng3 Nxg3 26. Kxg3 cxd4 27. Rxd4 Qf8
28. c4 Qg7 29. cxd5 Rhd8 30. Qf4 Rxd5 31. Rxd5 Rxd5 32. Qxf7 Qxe5+ 33. Qf4
Qxf4+ 34. Rxf4 Rd3+ 35. Rf3 Rd4 36. Re3 Rg4+ 37. Kh3 Rg1 38. Rxe6 Rh1+ 39. Kg3
Rg1+ 40. Kf4 Rg4+ 41. Kf5 Rxh4 42. g6 1-0

[Event "I Open FIDE"]
[Site "Forli' ITA"]
[Date "1988.06.21"]
[Round "4"]
[White "Topalov, Veselin"]
[Black "Braga, Fernando Alberto"]
[WhiteElo "2300"]
[BlackElo "2425"]
[Result "1/2-1/2"]
[PlyCount "28"]
[EventDate "1988.06.18"]

1. d4 Nf6 2. Nf3 d5 3. c4 c6 4. Nc3 dxc4 5. a4 Bf5 6. e3 e6 7. Bxc4 Bb4 8. O-O
Nbd7 9. Nh4 O-O 10. f3 Qa5 11. Na2 c5 12. Nxf5 exf5 13. Nxb4 Qxb4 14. b3 Rfe8
1/2-1/2

[Event "I Open FIDE"]
[Site "Forli' ITA"]
[Date "1988.06.21"]
[Round "4"]
[White "Vezzosi, Paolo"]
[Black "De Eccher, Stefano"]
[WhiteElo "2270"]
[BlackElo "2290"]
[Result "1-0"]
[PlyCount "81"]
[EventDate "1988.06.18"]

1. d4 Nf6 2. Nf3 e6 3. c4 b6 4. g3 Ba6 5. b3 d5 6. Bg2 dxc4 7. Ne5 Bb4+ 8. Bd2
cxb3 9. axb3 Bxd2+ 10. Qxd2 Nd5 11. O-O O-O 12. Rc1 Bb7 13. b4 c6 14. e4 Nc7
15. Nc3 Qe7 16. Ne2 Rd8 17. Rab1 Nb5 18. Qe3 f6 19. Nc4 Na6 20. e5 f5 21. Qb3
Rac8 22. h4 Rc7 23. Ne3 g6 24. Rc4 Kf7 25. Rbc1 Rcd7 26. Nc2 Nb8 27. Qe3 Nc7
28. Rc3 Nd5 29. Bxd5 cxd5 30. b5 Rc8 31. Ne1 Rdc7 32. Rxc7 Rxc7 33. Nf3 Kg7 34.
h5 Rc4 35. hxg6 hxg6 36. Kg2 Rxc1 37. Qxc1 Qd7 38. Qg5 Qe8 39. Nf4 Nd7 40. Nh4
a5 41. Nhxg6 1-0

[Event "I Open FIDE"]
[Site "Forli' ITA"]
[Date "1988.06.22"]
[Round "5"]
[White "Forintos, Gyozo Victor"]
[Black "Lanzani, Mario"]
[WhiteElo "2345"]
[BlackElo "2375"]
[Result "1-0"]
[PlyCount "63"]
[EventDate "1988.06.18"]

1. d4 Nf6 2. c4 c5 3. d5 a6 4. a4 e5 5. Nc3 d6 6. e4 Be7 7. g3 O-O 8. Bg2 Ne8
9. Nge2 Nd7 10. O-O g6 11. Bh6 Ng7 12. Qd2 Nf6 13. f3 Kh8 14. Be3 Bd7 15. a5 b5
16. axb6 Qxb6 17. b4 Qxb4 18. Rfb1 Qxc4 19. Bf1 Rfb8 20. Nc1 Rxb1 21. Rxb1 Qb4
22. Rxb4 cxb4 23. N3a2 a5 24. Nxb4 axb4 25. Qxb4 Nge8 26. Nb3 Bd8 27. Nd2 Ba5
28. Qb7 Bxd2 29. Bxd2 Ra1 30. Qb2 Ra4 31. Bh6 Ng8 32. Bf8 1-0

[Event "I Open FIDE"]
[Site "Forli' ITA"]
[Date "1988.06.22"]
[Round "5"]
[White "Garcia Palermo, Carlos Horacio"]
[Black "Topalov, Veselin"]
[WhiteElo "2505"]
[BlackElo "2300"]
[Result "1/2-1/2"]
[PlyCount "74"]
[EventDate "1988.06.18"]

1. d4 d6 2. Bg5 g6 3. c3 Bg7 4. e4 Nf6 5. Nd2 O-O 6. Ngf3 c5 7. dxc5 dxc5 8.
Bc4 Nc6 9. O-O Qc7 10. Re1 Na5 11. Bf1 Be6 12. b4 cxb4 13. cxb4 Nc6 14. b5 Ne5
15. Rc1 Nxf3+ 16. Qxf3 Qa5 17. Nb3 Qxa2 18. Nc5 Rac8 19. Re2 Qa5 20. Nxe6 Rxc1
21. Bxc1 fxe6 22. Qb3 Kf7 23. g3 Rc8 24. Bb2 Qb6 25. e5 Nd5 26. Re4 Bh6 27. Bc4
a6 28. Bxd5 exd5 29. Rh4 Rc5 30. Qf3+ Kg8 31. Rxh6 Rxb5 32. e6 Qxe6 33. Qc3 d4
34. Qxd4 Qe1+ 35. Kg2 e5 36. Qd8+ Kg7 37. Qe7+ Kxh6 1/2-1/2

[Event "I Open FIDE"]
[Site "Forli' ITA"]
[Date "1988.06.22"]
[Round "5"]
[White "Laco, Giuseppe"]
[Black "Strikovic, Aleksa"]
[WhiteElo "2235"]
[BlackElo "2450"]
[Result "1-0"]
[PlyCount "71"]
[EventDate "1988.06.18"]

1. c4 e5 2. Nc3 Nc6 3. g3 d6 4. Bg2 Be6 5. d3 Qd7 6. e4 g6 7. Be3 Bg7 8. Qd2
Nf6 9. h3 Nd4 10. Bxd4 exd4 11. Nce2 c5 12. b4 O-O 13. bxc5 dxc5 14. a4 Qc7 15.
f4 Rfe8 16. Rc1 Bd7 17. e5 Nh5 18. Nf3 f6 19. g4 fxe5 20. gxh5 exf4 21. O-O Bh6
22. Ng3 Re3 23. Ne4 Rf8 24. hxg6 hxg6 25. Nf2 Bxa4 26. Ng4 Kg7 27. Qa2 Bd7 28.
Qxa7 Bf5 29. Rb1 Rf7 30. Nxe3 fxe3 31. Nxd4 Bc8 32. Ne6+ Bxe6 33. Rxb7 Qg3 34.
Rbxf7+ Bxf7 35. Qxf7+ Kh8 36. Qf3 1-0

[Event "I Open FIDE"]
[Site "Forli' ITA"]
[Date "1988.06.22"]
[Round "5"]
[White "Ljubisavljevic, Zivojin Z."]
[Black "Vezzosi, Paolo"]
[WhiteElo "2365"]
[BlackElo "2270"]
[Result "1-0"]
[PlyCount "83"]
[EventDate "1988.06.18"]

1. c4 e5 2. Nc3 Nc6 3. g3 g6 4. Bg2 Bg7 5. e3 d6 6. Nge2 Nge7 7. d4 exd4 8.
exd4 Nf5 9. d5 Ne5 10. O-O O-O 11. b3 a5 12. a4 Nd7 13. Rb1 Nc5 14. Ba3 Re8 15.
Nb5 Bd7 16. Bb2 Bxb2 17. Rxb2 Bxb5 18. cxb5 Qf6 19. Rc2 Re7 20. Rc4 Qb2 21. Nc1
Rae8 22. h4 b6 23. h5 Qe5 24. Rf4 Qg7 25. Bh3 Nh6 26. hxg6 hxg6 27. Nd3 g5 28.
Rc4 Qg6 29. Nxc5 dxc5 30. Rc3 g4 31. Bg2 Re5 32. Rc4 Re2 33. Rf4 Rb2 34. d6
Qxd6 35. Bd5 Re7 36. Qc1 Rbe2 37. Bc4 R2e5 38. Kg2 Rd7 39. Rh1 Rg5 40. Rxf7
Nxf7 41. Qxg5+ Kf8 42. Bxf7 1-0

[Event "I Open FIDE"]
[Site "Forli' ITA"]
[Date "1988.06.22"]
[Round "5"]
[White "Meduna, Eduard"]
[Black "Gonsior, Evzen"]
[WhiteElo "2505"]
[BlackElo "2305"]
[Result "1-0"]
[PlyCount "81"]
[EventDate "1988.06.18"]

1. d4 d5 2. c4 e6 3. Nf3 c5 4. e3 Nf6 5. Nc3 Nc6 6. cxd5 exd5 7. Be2 cxd4 8.
Nxd4 Bd6 9. Bf3 Be5 10. O-O O-O 11. Nce2 Bg4 12. Bxg4 Nxg4 13. Nf3 Bc7 14. Nc3
Nf6 15. b3 a6 16. Bb2 Qd6 17. Rc1 Rad8 18. Ne2 Rfe8 19. Ng3 Ng4 20. Bxg7 Qg6
21. Bb2 Qh6 22. Qd3 Re4 23. Rc5 Bxg3 24. hxg3 Nce5 25. Bxe5 Nxe5 26. Nxe5 Rxe5
27. f4 Rh5 28. Kf2 b6 29. Rc7 d4 30. e4 Rc5 31. Rc1 Qd6 32. R1xc5 bxc5 33. Ra7
Qb8 34. Qxa6 d3 35. Qf6 Qxa7 36. Qxd8+ Kg7 37. Kf3 Qxa2 38. Qg5+ Kh8 39. Qd8+
Kg7 40. Qxd3 h5 41. Qc3+ 1-0

[Event "I Open FIDE"]
[Site "Forli' ITA"]
[Date "1988.06.22"]
[Round "5"]
[White "Sapi, Laszlo"]
[Black "Delanoy, Arnaud"]
[WhiteElo "2370"]
[BlackElo "2215"]
[Result "1/2-1/2"]
[PlyCount "25"]
[EventDate "1988.06.18"]

1. d4 e6 2. Nf3 Nf6 3. g3 b6 4. Bg2 Bb7 5. O-O c5 6. c4 cxd4 7. Nxd4 Bxg2 8.
Kxg2 Qc8 9. b3 Nc6 10. Bb2 Be7 11. Nc3 O-O 12. Rc1 Rd8 13. e4 1/2-1/2

[Event "I Open FIDE"]
[Site "Forli' ITA"]
[Date "1988.06.22"]
[Round "5"]
[White "Tatai, Stefano"]
[Black "Belotti, Bruno"]
[WhiteElo "2380"]
[BlackElo "2340"]
[Result "1-0"]
[PlyCount "53"]
[EventDate "1988.06.18"]

1. e4 c5 2. Nf3 Nc6 3. Bb5 g6 4. O-O Nf6 5. Re1 Bg7 6. e5 Nd5 7. Nc3 Nc7 8.
Bxc6 bxc6 9. Ne4 Ne6 10. d3 O-O 11. Be3 d6 12. Qc1 f5 13. Neg5 Nc7 14. Nh3 Nd5
15. Bh6 f4 16. Bxg7 Kxg7 17. c4 Bxh3 18. cxd5 Bd7 19. Qc3 Kh6 20. d4 cxd4 21.
Nxd4 cxd5 22. Qf3 Qa5 23. exd6 exd6 24. Re7 Qd8 25. Rae1 Rc8 26. g4 fxg3 27.
Qxg3 1-0

[Event "I Open FIDE"]
[Site "Forli' ITA"]
[Date "1988.06.22"]
[Round "5"]
[White "Votruba, Pavel"]
[Black "Kagan, Naum"]
[WhiteElo "2345"]
[BlackElo "2300"]
[Result "1-0"]
[PlyCount "73"]
[EventDate "1988.06.18"]

1. Nf3 d5 2. d4 e6 3. c4 c6 4. e3 f5 5. Bd3 Nf6 6. O-O Bd6 7. Ne5 Bxe5 8. dxe5
Ng4 9. f4 dxc4 10. Bxc4 Qh4 11. h3 Nxe5 12. Bb3 Nf7 13. e4 O-O 14. Nc3 Na6 15.
Be3 Nc7 16. Qf3 fxe4 17. Qxe4 Nd5 18. Bc5 Rd8 19. Rf3 b6 20. Bf2 Qe7 21. Re1
Nd6 22. Nxd5 cxd5 23. Qxd5 exd5 24. Rxe7 Nc4 25. Rg3 g6 26. Bd4 Rd7 27. Re8+
Kf7 28. Rh8 Ke6 29. Ba4 Rc7 30. Rc3 Rf7 31. Bc6 Bb7 32. Rxa8 Bxc6 33. Rh8 Rxf4
34. Bf2 Bd7 35. Rxh7 b5 36. b3 Nd2 37. Rc7 1-0

[Event "I Open FIDE"]
[Site "Forli' ITA"]
[Date "1988.06.22"]
[Round "5"]
[White "Wagman, Stuart"]
[Black "Drei, Andrea"]
[WhiteElo "2230"]
[BlackElo "2235"]
[Result "1-0"]
[PlyCount "61"]
[EventDate "1988.06.18"]

1. e4 c5 2. Nf3 e6 3. d4 cxd4 4. Nxd4 Nc6 5. Nc3 Qc7 6. g3 a6 7. Bg2 Nf6 8. O-O
Be7 9. Re1 Nxd4 10. e5 Nb5 11. exf6 gxf6 12. Qg4 Nxc3 13. Qg7 Rf8 14. bxc3 Qxc3
15. Bh6 Qxc2 16. Be4 Qb2 17. Rac1 Qb6 18. Qxh7 Qd8 19. Bf3 Ba3 20. Bh5 Ke7 21.
Bxf8+ Qxf8 22. Rc4 f5 23. Qxf5 b5 24. Rf4 Bb7 25. Qd3 Bc5 26. Qh7 Kd6 27. Rxf7
Qe8 28. Rd1+ Bd5 29. Bf3 Qg8 30. Qh5 Qh8 31. Rxd5+ 1-0

[Event "I Open FIDE"]
[Site "Forli' ITA"]
[Date "1988.06.23"]
[Round "6"]
[White "Braga, Fernando Alberto"]
[Black "Garcia Palermo, Carlos Horacio"]
[WhiteElo "2425"]
[BlackElo "2505"]
[Result "1/2-1/2"]
[PlyCount "30"]
[EventDate "1988.06.18"]

1. e4 e5 2. Nf3 Nc6 3. Bb5 a6 4. Ba4 Nf6 5. O-O Be7 6. Re1 b5 7. Bb3 d6 8. c3
O-O 9. h3 Na5 10. Bc2 c5 11. d4 Qc7 12. Nbd2 Nc6 13. d5 Nd8 14. a4 Rb8 15. c4
b4 1/2-1/2

[Event "I Open FIDE"]
[Site "Forli' ITA"]
[Date "1988.06.23"]
[Round "6"]
[White "Delanoy, Arnaud"]
[Black "Belotti, Bruno"]
[WhiteElo "2215"]
[BlackElo "2340"]
[Result "0-1"]
[PlyCount "108"]
[EventDate "1988.06.18"]

1. e4 c5 2. Nc3 d6 3. Nf3 Nf6 4. d4 cxd4 5. Nxd4 Nc6 6. Bc4 Qb6 7. Nxc6 bxc6 8.
O-O e6 9. Bf4 Qxb2 10. Qd3 e5 11. Rab1 Qa3 12. Rb3 Qc5 13. Na4 Qa5 14. Bd2 Qc7
15. Rfb1 Be7 16. Ba6 O-O 17. Bxc8 Qxc8 18. Rb7 Qe6 19. c4 d5 20. cxd5 cxd5 21.
exd5 Nxd5 22. Qb3 Rfd8 23. Nc3 Bc5 24. Nxd5 Qxd5 25. Qxd5 Rxd5 26. Rb8+ Rd8 27.
Rxa8 Rxa8 28. Kf1 f6 29. Ke2 Rd8 30. Be3 Bxe3 31. Kxe3 Rd7 32. a4 h5 33. Rb5
Kf7 34. a5 Ke6 35. a6 Rd6 36. Rb7 Rxa6 37. Rxg7 Ra3+ 38. Ke2 Kf5 39. f3 a5 40.
h4 a4 41. Kf2 Ra1 42. Rh7 Kg6 43. Ra7 a3 44. Ra6 a2 45. Kg3 Kf7 46. Kf2 f5 47.
Ra8 e4 48. Ra7+ Ke6 49. Ra3 Kd5 50. Ra5+ Kd4 51. fxe4 fxe4 52. Ra8 e3+ 53. Kg3
e2 54. Rd8+ Kc5 0-1

[Event "I Open FIDE"]
[Site "Forli' ITA"]
[Date "1988.06.23"]
[Round "6"]
[White "Drei, Andrea"]
[Black "Pantaleoni, Claudio"]
[WhiteElo "2235"]
[BlackElo "2235"]
[Result "0-1"]
[PlyCount "98"]
[EventDate "1988.06.18"]

1. e4 c5 2. Nf3 Nc6 3. Bb5 Qb6 4. Bxc6 Qxc6 5. Qe2 d6 6. Nc3 Bg4 7. h3 Bxf3 8.
Qxf3 g6 9. b3 Bg7 10. Bb2 e6 11. O-O Ne7 12. Nd1 O-O 13. Bxg7 Kxg7 14. Qc3+ f6
15. Re1 e5 16. Nb2 d5 17. exd5 Nxd5 18. Qf3 Rfe8 19. Nc4 Rad8 20. a4 Nb4 21.
Qxc6 Nxc6 22. c3 Re7 23. Re2 Red7 24. Rf1 g5 25. g3 Ne7 26. f4 Nf5 27. fxg5
Nxg3 28. gxf6+ Kf8 29. Rxe5 Nxf1 30. Kxf1 Rd5 31. Re7 R8d7 32. Rxd7 Rxd7 33.
Ke2 Rd5 34. Ke3 Kf7 35. Ke4 Rh5 36. Nd6+ Kxf6 37. Nxb7 Ke6 38. Kf4 Kd5 39. Kg4
Rh6 40. d3 Re6 41. h4 Re3 42. Kg5 Rxd3 43. h5 Rxc3 44. Na5 Rh3 45. Kh6 a6 46.
Kg5 Kd4 47. Kh6 Kc3 48. Nb7 Kb4 49. a5 Rd3 0-1

[Event "I Open FIDE"]
[Site "Forli' ITA"]
[Date "1988.06.23"]
[Round "6"]
[White "Gonsior, Evzen"]
[Black "Tatai, Stefano"]
[WhiteElo "2305"]
[BlackElo "2380"]
[Result "1/2-1/2"]
[PlyCount "45"]
[EventDate "1988.06.18"]

1. d4 Nf6 2. Nf3 c5 3. e3 g6 4. c3 Bg7 5. Bd3 d5 6. Nbd2 Nc6 7. O-O Nd7 8. Bb5
Qb6 9. Qa4 O-O 10. b4 cxb4 11. cxb4 e5 12. Bxc6 bxc6 13. Bb2 e4 14. Ne5 Nxe5
15. dxe5 a5 16. Nb3 Qxb4 17. Qxc6 Bb7 18. Qc5 Rfc8 19. Qxb4 axb4 20. Rfc1 Rc4
21. h3 Ba6 22. a3 Rxc1+ 23. Nxc1 1/2-1/2

[Event "I Open FIDE"]
[Site "Forli' ITA"]
[Date "1988.06.23"]
[Round "6"]
[White "Kagan, Naum"]
[Black "Sapi, Laszlo"]
[WhiteElo "2300"]
[BlackElo "2370"]
[Result "0-1"]
[PlyCount "44"]
[EventDate "1988.06.18"]

1. Nf3 Nf6 2. d4 d5 3. c4 dxc4 4. Nc3 e6 5. e3 c5 6. Bxc4 a6 7. a4 Nc6 8. O-O
Be7 9. d5 exd5 10. Nxd5 O-O 11. Nxe7+ Qxe7 12. b3 Bg4 13. Bb2 Ne4 14. Qc2 Nb4
15. Qe2 Ng5 16. Rad1 b5 17. axb5 axb5 18. Bxb5 Ra2 19. h3 Nxf3+ 20. gxf3 Bxh3
21. f4 Qb7 22. f3 Bxf1 0-1